Saint Paul: (Record no. 5155)

000 -LEADER
fixed length control field 00495nam a2200169 a 4500
001 - CONTROL NUMBER
control field :::00002896$&:&@@
003 - CONTROL NUMBER IDENTIFIER
control field OkBaRHE
005 - DATE AND TIME OF LATEST TRANSACTION
control field 20000607103258.0
008 - FIXED-LENGTH DATA ELEMENTS--GENERAL INFORMATION
fixed length control field s1898 j 000 0 eng u
040 ## - CATALOGING SOURCE
Transcribing agency
245 10 - TITLE STATEMENT
Title Saint Paul:
Remainder of title an autobiography.
260 ## - PUBLICATION, DISTRIBUTION, ETC. (IMPRINT)
Place of publication, distribution, etc New York, NY., :
Name of publisher, distributor, etc Fleming H. Revell Co.
Date of publication, distribution, etc 1898
300 ## - PHYSICAL DESCRIPTION
Extent 49 p. ;
Dimensions 16 cm.
650 ## - SUBJECT ADDED ENTRY--TOPICAL TERM
Topical term or geographic name as entry element Paul St.
942 ## - ADDED ENTRY ELEMENTS (KOHA)
Source of classification or shelving scheme
Koha item type Books
Copies
Permanent Location Lost status Date acquired Source of classification or shelving scheme Damaged status Shelving location Withdrawn status Not for loan Date last seen Koha item type Barcode Full call number Price effective from Copy number
RHEMA Bible Training College 2010-04-14  General Stacks  2018-03-16Books2896BS 2505 .D42010-04-141